Vulnerabilidad, desvalimiento y maltrato infantil en las organizaciones familiares /

Guardado en:
Autor Principal: Giberti, Eva.
Otros Autores: Garaventa, Jorge., Lamberti, Silvio.
Formato: Libro
Idioma:Spanish
Publicado: Buenos Aires : Novedades Educativas, 2005.
Edición:1a. ed.
Series:Familia/s
Materias:
Etiquetas: Agregar Etiqueta
Sin Etiquetas, Sea el primero en etiquetar este registro!
LEADER 00632nam a22001935a 4500
001 DER.der014225
008 191009s2005####ag############000#0#spa#d
005 20250612155034.0
245 1 0 |a Vulnerabilidad, desvalimiento y maltrato infantil en las organizaciones familiares /  |c Eva Giberti, Jorge Garaventa y Silvio Lamberti. 
250 |a 1a. ed. 
260 |a Buenos Aires :  |b Novedades Educativas,  |c 2005. 
300 |a 316 p. 
490 0 |a Familia/s 
020 |a 9875381381 
100 1 |a Giberti, Eva. 
700 1 |a Garaventa, Jorge. 
700 1 |a Lamberti, Silvio. 
650 7 |a DERECHOS HUMANOS 
859 |a DERECHO  |b BIB. DERECHO  |h 323  |i GIB  |p 009478